000 00521cam a2200205ua 4500
001 9174
008 150223n ii |||gr||||Z||||||eng
020 _a8126015004
040 _cMAIN
041 _aeng
082 _a820.954
100 _aNaik, M. K.,
_eAuthor.
245 1 _aHistory of Indian english literature
_cBy M. K. Naik
250 _a1st.
260 _aNew Delhi:
_bSahitya,
_c2002.
300 _a320p.
653 _aEnglish.& Old English literatures
653 _aHistory of english literature
942 _cBK
999 _c8244
_d8244